000 00881nam a2200193 a 4500
008 130321s2010 ||||||||||||||||| || u
020 _a9780495114420
050 _aQC 21.3 Gio
100 _aGiordano, Nicholas J
245 1 0 _aCollege Physics: reasoning and relationships
_cby Nicholas J. Giordano
260 _aBelmont:
_bBrooks/Cole
_c2010
300 _axxix, 1082p.: ill.
350 _a0.00
650 0 _aPHYSICS
650 _aPHYSICS--TEXTBOOKS
995 _aSHORT LOAN BOOKS
_e743420
_FCBU-MAIN LIBRARY (Kitwe)
_jQC 21.3 Gio
_M2
_UAVAILABLE
_WApr 12, 2013
_y743420
_ZShort Loan Collection
995 _aSHORT LOAN BOOKS
_D0.00
_e741576
_FCBU-MAIN LIBRARY (Kitwe)
_H1
_I0.00
_jQC 21.3 Gio
_M1
_UAVAILABLE
_WAug 20, 2010
_y741576
_ZShort Loan Collection
995 _aSHORT LOAN BOOKS
_e743421
_FCBU-MAIN LIBRARY (Kitwe)
_jQC 21.3 Gio
_M3
_UAVAILABLE
_WApr 12, 2013
_y743421
_ZShort Loan Collection
999 _c79461
_d79461